English pronunciation illustrated cassette 1 /

Salvato in:
Dettagli Bibliografici
Autore principale: Trim, J. L. M.
Natura: Reg. sonora musicale Libro
Lingua:English
Pubblicazione: Cambridge [Eng.] ; New York : Cambridge University Press, 1975.
Soggetti:
Tags: Aggiungi Tag
Nessun Tag, puoi essere il primo ad aggiungerne! !
Thư viện lưu trữ: Mạng thư viện Đại học Đà Nẵng
LEADER 01029cim a2200349 i 4500
001 000047591
003 7281
005 20030324150701.0
008 010319|1975 vm 000 eng
020 |a 0521263506 
040 |a IRC  |c IRC  |d IRC 
041 0 |a eng 
082 1 4 |a 428.1  |b TR-J 
100 1 |a Trim, J. L. M.  |q (John Leslie Melville) 
245 0 0 |a English pronunciation illustrated  |h [Cassette-Băng cát-xét] :  |b cassette 1 /  |c John Trim. 
260 |a Cambridge [Eng.] ; New York :  |b Cambridge University Press,  |c 1975. 
300 |a 1 audio cassette (54 minutes approx.) 
630 0 4 |a English language. 
630 0 4 |a Pronunciation. 
630 0 4 |a Phonetic transcriptions. 
650 0 4 |a English language  |x Pronunciation. 
650 0 4 |a English language  |x Phonetic transcriptions. 
OWN |a DUT 
999 |a From the UDN01 
TYP |a Sound recording 
TYP |a Monograph 
980 |a Mạng thư viện Đại học Đà Nẵng